Ocenenie - Plaketa mesta

Bibliographic Details
Main Author: Gajdošoci, Juraj (Author)
Format: Article
Language:Slovak
PhysicalDescription:Obr.
ISSN:1335-3713
Subjects:

MARC

LEADER 00000nab a2200000 a 4500
001 vtls010253944
003 SK-MaSNL
005 20260303092517.0
008 11030227c2006 xo o e sl
035 |a SVKKK000081343 
038 |a SVKKK 
040 |a SVKKK  |b slo  |c SVKKK  |e AACR2 
041 0 |a slo 
044 |a xo  |c SK 
080 |a 284.2:331.97  |2 1997 
080 |a 331.97  |2 1997 
100 1 |a Gajdošoci, Juraj  |4 aut  |9 1085344 
245 1 0 |a Ocenenie - Plaketa mesta  |c Juraj Gajdošoci 
300 |b Obr. 
610 2 7 |a Reformovaná cirkev (Michalovce, Slovensko)  |2 snkbucl  |9 1101619 
650 0 7 |a Plaketa mesta Michalovce za rozvoj ekumenizmu v meste Michalovce  |x ocenenie mestské  |z Michalovce, Slovensko  |y august 2006  |x udelenie  |2 snkbucl  |9 1102133 
650 0 7 |a ceny mestské  |x plakety  |2 snkbucl  |9 1102134 
773 0 |t Kalvínske hlasy  |x 1335-3713  |g Roč. 77, č. 10(2006), s. 7 
852 |a SVKKK  |b BIB 
999 |c 1812410  |d 1814340